[Event "World Team Championship 2010"]
[Site "Bursa TUR"]
[Date "2010.01.06"]
[Round "2.13"]
[White "Sargissian, Gabriel"]
[Black "Smirin, Ilia"]
[Result "1/2-1/2"]
[WhiteElo "2680"]
[BlackElo "2668"]
[PlyCount "64"]
[EventDate "2010.01.05"]
[EventType "team"]
[EventRounds "9"]
[EventCountry "TUR"]
[Source "lmi"]
[SourceDate "2010.01.05"]

1. d4 Nf6 2. c4 g6 3. Nf3 Bg7 4. g3 c6 5. Bg2 d5 6. cxd5 cxd5 7. O-O O-O 8. Ne5
Ng4 9. Nxg4 Bxg4 10. Nc3 Nc6 11. h3 Bd7 12. Nxd5 Nxd4 13. Bg5 Re8 14. Kh2 Bc6
15. e4 Qd6 16. Qd2 e6 17. Bf6 e5 18. Bxg7 Kxg7 19. Rac1 f5 20. Qb4 Rad8 21.
Qxd6 Rxd6 22. Nc3 f4 23. gxf4 exf4 24. Rfd1 Red8 25. Nd5 Ne6 26. h4 Nc7 27. Re1
Nxd5 28. exd5 Bxd5 29. Bxd5 Rxd5 30. Re7+ Kf6 31. Rxb7 R8d7 32. Rcc7 Ke5
1/2-1/2

[Event "World Team Championship 2010"]
[Site "Bursa TUR"]
[Date "2010.01.07"]
[Round "3.21"]
[White "Sasikiran, Krishnan"]
[Black "Gashimov, Vugar"]
[Result "1-0"]
[WhiteElo "2653"]
[BlackElo "2759"]
[PlyCount "116"]
[EventDate "2010.01.05"]
[EventType "team"]
[EventRounds "9"]
[EventCountry "TUR"]
[Source "lmi"]
[SourceDate "2010.01.05"]

1. d4 Nf6 2. c4 e6 3. Nc3 Bb4 4. Bg5 c5 5. d5 h6 6. Bh4 d6 7. e3 exd5 8. cxd5
Nbd7 9. Bd3 Qa5 10. Nge2 Nxd5 11. O-O Bxc3 12. bxc3 O-O 13. Bc2 Nxc3 14. Nxc3
Qxc3 15. Rc1 Qb4 16. Qd3 g6 17. Be7 Re8 18. Qxd6 a5 19. Bd3 c4 20. Rxc4 Qxd6
21. Bxd6 Ne5 22. Re4 Bf5 23. Rxe5 Bxd3 24. Rd1 Bc4 25. a3 b5 26. h4 g5 27. hxg5
Rxe5 28. Bxe5 hxg5 29. Rd6 Kh7 30. Rc6 Be6 31. Rb6 Rd8 32. Bc3 b4 33. axb4 Rd3
34. Bd4 a4 35. Rb5 Kg6 36. Ra5 a3 37. b5 a2 38. b6 Rb3 39. Kh2 Rb4 40. g4 Rb1
41. f4 gxf4 42. exf4 Bxg4 43. Rg5+ Kh6 44. Rxg4 Rxb6 45. Rg1 Rb4 46. Bc3 Rb3
47. Ba1 f5 48. Bg7+ Kh5 49. Ra1 Kg6 50. Be5 Ra3 51. Kg2 Kf7 52. Kf2 Ke6 53. Rd1
Ra5 54. Ke2 Ra6 55. Ra1 Kd5 56. Kd3 Ra3+ 57. Kc2 Kc4 58. Kb2 Kd5 1-0